| 000 | 00498nam a2200193Ia 4500 | ||
|---|---|---|---|
| 003 | LK-CoDNM | ||
| 005 | 20240418094841.0 | ||
| 008 | 010623t1954 xxu||||| |||| 00| 1 sin d | ||
| 040 |
_aLK-CoDNM _dLK-CoDNM _eLK-CoDNM |
||
| 041 | _asin | ||
| 080 | _aජ12 | ||
| 100 | _aBatuvantudave | ||
| 245 | _aඋම්මඟ්ග ජාතක | ||
| 246 | _aThe Ummagga Jataka | ||
| 260 |
_bRathnakara Book Shop _aColombo _c1954 |
||
| 300 | _b222p.,21 cm | ||
| 700 | _aPatiraja,Verasingha | ||
| 942 | _cBK | ||
| 999 |
_c103485 _d103485 |
||